00243 2200109 4500245004200000250001100042100001700053650001600070005001900086041001400105084001400119 aBAHASA BETAWI & KESENIAN BETAWIhText aCet. 1 aNaisya Aliya aKarya Siswa a20250424100214 aIndonesia a081 NAI b